000 01137nam a22003377a 4500
003 CHAP
005 20220329135217.0
008 971013s1973 r 00010 d
010 _a32662
011 _a33634
035 _a37750
040 _cCHAP
090 _aTesis
100 0 0 _aNobmann de Orozco, Betty.
_981528
245 _aEstudio sobre el virus del mosaico del maíz en el Valle de México. México
260 _aChapingo, Méx. :
_bEl autor,
_c1973
300 _a69 h.
_b: ilus.
502 _aTesis (M. C. Esp. en Fitotecnia) --ENA. Colegio de Postgraduados. Rama de Fitopatología
590 _aALEPH
_b10
_c20130110
_lUCH01
_h1256
590 _aBATCH-UPD
_b10
_c20130110
_lUCH01
_h2053
590 _aBATCH-UPD
_b10
_c20130410
_lUCH01
_h1407
590 _aBATCH-UPD
_b10
_c20130914
_lUCH01
_h1750
590 _aCONVERSION
_b10
_c20130109
_lUCH01
_h1318
650 1 4 _aMaíz
_zMéxico.
_971098
650 1 4 _aVirus del mosaico del maíz.
_9119962
901 _aBK
942 _cFOLL
949 _bBC
_cTES
_d-86452
_eTS1
_i37750
_si
949 _bBC
_cTES
_d-86453
_eTS2
_fc.2
_i37750
_si
949 _bBC
_cTES
_d-86454
_eTS2
_fc.3
_i37750
_si
999 _c32662
_d32662